Statistics of the Inland coasting trade consignments of Indi 1979-80 (Record no. 62519)

MARC details
000 -LEADER
fixed length control field 00513nam a2200145Ia 4500
008 - FIXED-LENGTH DATA ELEMENTS--GENERAL INFORMATION
fixed length control field 230917s9999||||xx |||||||||||||| ||und||
040 ## - CATALOGING SOURCE
-- 188819
Original cataloging agency VIVEKANANDA LIBRARY
041 ## - Language
-- English
082 ## - DDC NUMBER
Classification number 381.30212 I2S(1979-80)
100 ## - MAIN ENTRY--PERSONAL NAME
Personal name India, Directorate General of Commercial Intelligence and Statistics
245 #0 - TITLE STATEMENT
Title Statistics of the Inland coasting trade consignments of Indi 1979-80
260 ## - PUBLICATION, DISTRIBUTION, ETC. (IMPRINT)
Place of publication, distribution, etc Calcutta
Name of publisher, distributor, etc India, Directorate General of Commercial Intelligence and Statistics
Date of publication, distribution, etc 1985
300 ## - PHYSICAL DESCRIPTION
Pages 363 p.
942 ## - ADDED ENTRY ELEMENTS (KOHA)
Koha item type Books
Holdings
Withdrawn status Lost status Damaged status Not for loan Location (home branch) Sublocation or collection (holding branch) Date acquired Koha issues (times borrowed) Koha full call number Accession No. Koha date last seen Koha item type
        VIVEKANANDA LIBRARY VIVEKANANDA LIBRARY 13/09/2011   381.30212 I2S(1979-80) 134229 17/09/2023 Books
© Designed and Maintained by Vivekananda Library, MDU Rohtak